"Božie zuby" - ryža z kirgizského Uzgenu
Prvý cieľ rozvojovej pomoci Slovenska - odstrániť extrémnu chudobu a hlad. Zámer projektu SlovakAid. Ukazovatele plnenia. Pomoc Kirgizsku.
Uložené v:
| Hlavný autor: | |
|---|---|
| Médium: | Kapitola |
| Jazyk: | Slovak |
| Predmet: | |
| Tagy: |
Žiadne tagy, Buďte prvý, kto otaguje tento záznam!
|
MARC
| LEADER | 00000naa a2200000 4500 | ||
|---|---|---|---|
| 001 | 0121189 | ||
| 005 | 20231018093813.0 | ||
| 041 | 0 | |a slo | |
| 044 | |a SK | ||
| 245 | 1 | 0 | |a "Božie zuby" - ryža z kirgizského Uzgenu |c Zuzana Jezerská |
| 520 | |a Prvý cieľ rozvojovej pomoci Slovenska - odstrániť extrémnu chudobu a hlad. Zámer projektu SlovakAid. Ukazovatele plnenia. Pomoc Kirgizsku. | ||
| 610 | 2 | 0 | |a pomoc rozvojová |
| 610 | 2 | 0 | |a chudoba |
| 610 | 2 | 0 | |a chudobní |
| 610 | 2 | 0 | |a hlad |
| 610 | 2 | 0 | |a deti |
| 610 | 2 | 0 | |a potraviny |
| 610 | 2 | 0 | |a ryža |
| 610 | 2 | 0 | |a poľnohospodárstvo |
| 610 | 2 | 0 | |a Kirgizsko |
| 610 | 2 | 0 | |a Slovensko |
| 100 | 1 | |a Jezerská, Zuzana | |